000 01625cam a22004934i 4500
003 PE-LiUPU
005 20250731180126.0
008 150625s r 000 0 d
020 _a9681800320
035 _a(Sirsi) i9789681800321
040 _aPE-LiUPU
_bspa
_cPE-LiUPU
_erda
049 _aPRUA
082 0 4 _a589.2
_bG98
_221
100 1 _aGuzman, Gaston.,
_eautor.
245 1 0 _aHongos.
264 1 _aMéxico :
_bLimusa,
_c1985.
300 _a194 páginas :
_bilustraciones, graficos. ;
_c23 centímetros
336 _atext
_2rdacontent
337 _aunmediated
_2rdamedia
338 _avolume
_2rdacarrier
505 0 _a¿Que es un hongo?. -La importancia de los hongos en la naturaleza. -Hongos considerados. -Hongos comestibles. -Hongos venenosos. -Hongos alucinogenos. -Hongos que pudren la madera. -Hongos diversos.
526 _aSEG44
526 _aSEG26
526 _aP159
526 _aP155
526 _aP154
526 _aP153
526 _aP150
526 _aP100
526 _aP31
526 _aP30
526 _aP26
526 _aP25
526 _aP24
526 _aP22
526 _aP15
526 _aP10
942 _2ddc
_cBOOK
949 _a589.2 G98
_wDEWEY
_c1
_i28199
_d2016-5-12
_e2016-5-9
_lCCODEBUL1
_mBUL
_n1
_r0
_sY
_tBOOK
_u2015-6-25
_xEDUCACION
_zUNKNOWN
_0COMPRA
_o.STAFF. Colección General
994 _aC0
_bPEPRU
596 _a1
999 _a589.2 G98
_wDEWEY
_c38742
_i28199
_d38742
_e2018-10-3
_f2021-11-5
_g4
_lCCODEBUL1
_mBUL
_n4
_r0
_sY
_tBOOK
_u2015-6-25
_xBIBLIOTECA
_zUNKNOWN
_0COMPRA
_o.STAFF. Colección General
980 _81
_gALBERTO SANCHEZ Responsable de Automatización